| 000 | 00423nam a22001697a 4500 | ||
|---|---|---|---|
| 999 |
_c6392 _d6390 |
||
| 005 | 20210904112215.0 | ||
| 008 | 200521b xxu||||| |||| 00| 0 eng d | ||
| 020 | _a8121902762 | ||
| 041 | _aeng | ||
| 082 | _a320 KAR | ||
| 100 |
_aKapur, DR ANUP CHAND _94418 |
||
| 245 | _a PRINCIPLES OF POLITICAL SCIENCE | ||
| 260 |
_aNew Delhi _bS.Chand and Company |
||
| 300 | _a832 | ||
| 650 |
_aPoltical Science _95696 |
||
| 942 | _cBK | ||